000 00948nam a2200193Ia 4500
008 151121s9999||||xx |||||||||||||| ||und||
082 _a833-/प्रेमचं
082 _bHNW-74564
100 _aअग्रवाल बलराम-संपा। (प्रेमचंद)
245 _aप्रेमचंद की सर्वश्रेष्ठ कहानियाँ
260 _b"साक्षी प्रकाशन , दिल्ली।"
260 _c--
300 _a176
600 _aअग्रवाल बलराम-संपा। (प्रेमचंद)
630 _aप्रेमचंद की सर्वश्रेष्ठ कहानियाँ
700 _aअग्रवाल बलराम-संपा। (प्रेमचंद)
730 _aप्रेमचंद की सर्वश्रेष्ठ कहानियाँ
942 _cBOOK
999 _c1256014
_d1256011